[Event "FRA-ch opB U18"]
[Site "Calvi"]
[Date "2005.04.??"]
[Round "5"]
[White "Setiti, Emmanuel"]
[Black "Rouffignac, Tanguy"]
[Result "0-1"]
[WhiteElo "1009"]
[BlackElo "1260"]
[PlyCount "58"]
[EventDate "2005.04.??"]
[EventType "swiss"]
[EventRounds "9"]
[EventCountry "FRA"]
[SourceTitle "EXT 2006"]
[Source "ChessBase"]
[SourceDate "2005.11.24"]
[SourceVersion "1"]
[SourceVersionDate "2005.11.24"]
[SourceQuality "1"]

1. e4 e5 2. Nf3 Nc6 3. d4 exd4 4. Nxd4 Bc5 5. Nxc6 bxc6 6. Bc4 Nf6 7. Bg5 0-0 8. 0-0 h6 9. Bh4 d6 10. Nc3 Bg4 11. Qd3 Qe7 12. Rfe1 Rab8 13. b3 Rfd8 14. h3 Bh5 15. Qg3 g5 16. Bxg5 hxg5 17. Qxg5+ Bg6 18. Qh6 Bb4 19. Re3 Qe5 20. a3 Bxc3 21. Rxc3 Qxc3 22. Qxg6+ Kh8 23. Qh6+ Nh7 24. Bxf7 Qxa1+ 25. Kh2 Rd7 26. Bg6 Qg7 27. Qxg7+ Kxg7 28. Bf5 Rf7 29. Bd7 Rxd7 0-1